书目信息 |
| 题名: |
语文
|
|
| 作者: | ;北京市东城区教育局教研室 编 | |
| 分册: | ||
| 出版信息: | 北京 人民交通出版社 1982 |
|
| 页数: | 262页 | |
| 开本: | 19cm | |
| 丛书名: | 高考复习指导丛书 | |
| 单 册: | ||
| 中图分类: | G634.3 , G633.3 | |
| 科图分类: | ||
| 主题词: | 语文--高中--升学参考资料 | |
| 电子资源: | ||
| ISBN: | ||
| 000 | 00764nam2 2200265 45 | |
| 001 | 0182001738 | |
| 005 | 20060804111613.90 | |
| 010 | @dCNY0.69 | |
| 091 | @a15044.8054 | |
| 100 | @a19950516d1982 em y0chiy0121 ea | |
| 101 | 0 | @achi |
| 102 | @aCN@b110000 | |
| 105 | @ay zq 000yy | |
| 200 | 10 | @a语文@Ayu wen@f北京市东城区教育局教研室编 |
| 210 | @a北京@c人民交通出版社@d1982 | |
| 215 | @a262页@d19cm | |
| 225 | 2 | @a高考复习指导丛书 |
| 410 | 0 | @120010@a高考复习指导丛书 |
| 606 | @a语文@x高中@x升学参考资料 | |
| 690 | @aG634.3@v3 | |
| 690 | @aG633.3 | |
| 711 | 02 | @a北京市东城区教育局教研室@Abei jing shi dong cheng qu jiao yu ju jiao yan shi@4编 |
| 801 | 2 | @aCN@bNLC@c20060804 |
| 801 | 0 | @aCN@b上海图书馆@c20040429 |
| 905 | @f4@b90132-135@dG633.3@e50 | |
| 语文/北京市东城区教育局教研室编.-北京:人民交通出版社,1982 |
| 262页;19cm.-(高考复习指导丛书) |
| ISBN :CNY0.69 |
| ● |
| 相关链接 |
|
|
|
|
正题名:语文
索取号:G633.3/50
 
预约/预借
| 序号 | 登录号 | 条形码 | 馆藏地/架位号 | 状态 | 备注 |
| 1 | 0090132 | 000476568 | 密集书库/ [索取号:G633.3/50] | 在馆 | |
| 2 | 0090133 | 000476602 | 密集书库/ [索取号:G633.3/50] | 在馆 | |
| 3 | 0090134 | 000476238 | 密集书库/ [索取号:G633.3/50] | 在馆 | |
| 4 | 0090135 | 000476648 | 密集书库/ [索取号:G633.3/50] | 在馆 | |
| 5 | 0090136 | 000476194 | 第一样本阅览室/ [索取号:G633.3/50] | 在馆 | |
| 6 | 0446964 | 204469645 | 密集书库/ [索取号:G633.3/50] | 在馆 | |
| 7 | 0446965 | 204469654 | 密集书库/ [索取号:G633.3/50] | 在馆 |